|
|
|
|
| LEADER |
05677nam a2200649 4500 |
| 001 |
978-3-319-62831-8 |
| 003 |
DE-He213 |
| 005 |
20191027011736.0 |
| 007 |
cr nn 008mamaa |
| 008 |
170824s2018 gw | s |||| 0|eng d |
| 020 |
|
|
|a 9783319628318
|9 978-3-319-62831-8
|
| 024 |
7 |
|
|a 10.1007/978-3-319-62831-8
|2 doi
|
| 040 |
|
|
|d GrThAP
|
| 050 |
|
4 |
|a TA349-359
|
| 050 |
|
4 |
|a TA349-359
|
| 072 |
|
7 |
|a TGMD
|2 bicssc
|
| 072 |
|
7 |
|a SCI096000
|2 bisacsh
|
| 072 |
|
7 |
|a TGMD
|2 thema
|
| 072 |
|
7 |
|a TGMD
|2 thema
|
| 082 |
0 |
4 |
|a 531
|2 23
|
| 082 |
0 |
4 |
|a 531
|2 23
|
| 245 |
1 |
0 |
|a Fracture, Fatigue, Failure and Damage Evolution, Volume 7
|h [electronic resource] :
|b Proceedings of the 2017 Annual Conference on Experimental and Applied Mechanics /
|c edited by Jay Carroll, Shuman Xia, Alison M. Beese, Ryan B. Berke, Garrett J Pataky.
|
| 250 |
|
|
|a 1st ed. 2018.
|
| 264 |
|
1 |
|a Cham :
|b Springer International Publishing :
|b Imprint: Springer,
|c 2018.
|
| 300 |
|
|
|a VIII, 127 p. 120 illus., 87 illus. in color.
|b online resource.
|
| 336 |
|
|
|a text
|b txt
|2 rdacontent
|
| 337 |
|
|
|a computer
|b c
|2 rdamedia
|
| 338 |
|
|
|a online resource
|b cr
|2 rdacarrier
|
| 347 |
|
|
|a text file
|b PDF
|2 rda
|
| 490 |
1 |
|
|a Conference Proceedings of the Society for Experimental Mechanics Series,
|x 2191-5644
|
| 505 |
0 |
|
|a Chapter 1.Interface Mechanical Strength and Elastic Constants Calculations via Nano Impact and Nanomechanical Raman Spectroscopy -- Chapter 2.Effect of Strain Rate and Interface Chemistry on Failure in Energetic Material -- Chapter 3.Characterization of Crack Tip Plasticity in IN-617 Using Indentation and Nano-mechanical Raman Spectroscopy -- Chapter 4.The Two-Way Relationship between Residual Stress and Fatigue/Fracture -- Chapter 5.Designing Brittle Fracture Specimens to Investigate Environmentally Assisted Crack Growth -- Chapter 6.Flexible Energy Harvesting/Storage Structures for Flapping Wing Air Vehicles -- Chapter 7.The Influence of Formulation Variation and Thermal Boundary Conditions on the Near-Resonant Thermomechanics of Mock Explosives -- Chapter 8.Detecting Fatigue Crack Closure and Crack Growth Delays after an Overload Using DIC Measurements -- Chapter 9.In-situ Observation of Damage Evolution in Quasi-Isotropic CFRP Laminates -- Chapter 10.Contamination-induced Degradation/Enhancement of Interfacial Toughness and Strength in Polymer Matrix Composite Interfaces -- chapter 11.Simultaneous Extraction of Mixed-Mode Traction-Separation Relations -- Chapter 12.Damage Evolution in 304L Stainless Steel Partial Penetration Laser Welds -- Chapter 13.Cross-axis Coupling and Phase Angle Effects due to Multiaxial Vibration -- Chapter 14.Behavior of Steel-Concrete Composite Beams under Fatigue Loads -- Chapter 15.Studying the Fracture of Tropical Wood Species with the Grid Method -- Chapter 16.Generalization of Integral Parameters to Fatigue Loading in Room Temperature -- Chapter 17.Fracture Behavior of Unidirectional Composites Analyzed by Acoustic Emissions Technique.
|
| 520 |
|
|
|a Fracture, Fatigue, Failure and Damage Evolution, Volume 7 of the Proceedings of the 2017 SEM Annual Conference & Exposition on Experimental and Applied Mechanics, the seventh volume of nine from the Conference, brings together contributions to this important area of research and engineering. Session organizers include: Jay Carroll, Shuman Xia, Allison Beese, Ryan Berke, Garrett Pataky, Samantha Daly, Kavan Hazeli, Antonios Kontsos,Omer Ozgur Capraz, Scott Grutzik, Onome Scott-Emaukpor The collection presents early findings and case studies on a wide range of areas, including: Mechanics of Energy & Energetic Materials Vibration Effects in Fracture & Fatigue Fracture & Fatigue of Additively Manufactured Materials In Situ Techniques for Fatigue & Fracture Microscale & Microstructural Effects on Mechanical Behavior Fracture & Fatigue of Composites Integration & Validation of Models with Experiments Fracture & Fatigue in Extreme Environments Novel Experimental Methods for Fatigue and Fracture Fracture of Brittle & Ductile Materials Interfacial Fracture.
|
| 650 |
|
0 |
|a Mechanics.
|
| 650 |
|
0 |
|a Mechanics, Applied.
|
| 650 |
|
0 |
|a Engineering geology.
|
| 650 |
|
0 |
|a Engineering-Geology.
|
| 650 |
|
0 |
|a Foundations.
|
| 650 |
|
0 |
|a Hydraulics.
|
| 650 |
|
0 |
|a Materials science.
|
| 650 |
1 |
4 |
|a Solid Mechanics.
|0 http://scigraph.springernature.com/things/product-market-codes/T15010
|
| 650 |
2 |
4 |
|a Solid Mechanics.
|0 http://scigraph.springernature.com/things/product-market-codes/T15010
|
| 650 |
2 |
4 |
|a Geoengineering, Foundations, Hydraulics.
|0 http://scigraph.springernature.com/things/product-market-codes/T23020
|
| 650 |
2 |
4 |
|a Characterization and Evaluation of Materials.
|0 http://scigraph.springernature.com/things/product-market-codes/Z17000
|
| 700 |
1 |
|
|a Carroll, Jay.
|e editor.
|4 edt
|4 http://id.loc.gov/vocabulary/relators/edt
|
| 700 |
1 |
|
|a Xia, Shuman.
|e editor.
|4 edt
|4 http://id.loc.gov/vocabulary/relators/edt
|
| 700 |
1 |
|
|a Beese, Alison M.
|e editor.
|4 edt
|4 http://id.loc.gov/vocabulary/relators/edt
|
| 700 |
1 |
|
|a Berke, Ryan B.
|e editor.
|4 edt
|4 http://id.loc.gov/vocabulary/relators/edt
|
| 700 |
1 |
|
|a Pataky, Garrett J.
|e editor.
|4 edt
|4 http://id.loc.gov/vocabulary/relators/edt
|
| 710 |
2 |
|
|a SpringerLink (Online service)
|
| 773 |
0 |
|
|t Springer eBooks
|
| 776 |
0 |
8 |
|i Printed edition:
|z 9783319628301
|
| 776 |
0 |
8 |
|i Printed edition:
|z 9783319628325
|
| 776 |
0 |
8 |
|i Printed edition:
|z 9783319874074
|
| 830 |
|
0 |
|a Conference Proceedings of the Society for Experimental Mechanics Series,
|x 2191-5644
|
| 856 |
4 |
0 |
|u https://doi.org/10.1007/978-3-319-62831-8
|z Full Text via HEAL-Link
|
| 912 |
|
|
|a ZDB-2-ENG
|
| 950 |
|
|
|a Engineering (Springer-11647)
|